000 01810cam a22004334a 4500
999 _c127849
_d127849
001 14096745
003 ARRUPE
005 20180404111940.0
008 050902s2005 dcua c b 001 0 eng c
010 _a 2005299610
020 _a1589063503
035 _a(OCoLC)ocm60036071
040 _aDBI
_cDBI
_dPIT
_dAFQ
_dOCLCQ
_dOCL
_dMUQ
_dDLC
042 _apcc
043 _aec-----
_aee-----
050 0 0 _aHG930.7
_b.A36 2004
082 0 0 _a332.4/9409437
_222
100 _aSchadler, Susan
_941236
245 0 0 _aAdopting the euro in central Europe :
_bchallenges of the next step in European integration /
_cSusan Schadler ... [et al.].
260 _aWashington, D.C. :
_bInternational Monetary Fund,
_c2005.
300 _axii, 135 p. :
_bill. ;
_c28 cm.
490 1 _aOccasional paper / International Monetary Fund ;
_v234
504 _aIncludes bibliographical references (p. 126-133) and indexes.
610 2 6 _aUnion économique et monétaire.
_941237
650 0 _aEuro
_zEurope, Central.
_941238
650 0 _aEuro
_zEurope, Eastern.
_941239
650 0 _aForeign exchange rates
_zEurope, Central.
_941240
650 0 _aForeign exchange rates
_zEurope, Eastern.
_941241
650 0 _aMonetary policy
_zEurope, Central.
_941242
650 0 _aMonetary unions
_zEurope, Central.
_941243
650 0 _aMonetary policy
_zEurope, Eastern.
_941244
650 6 _aPolitique monétaire
_zEurope centrale.
_941245
651 0 _aEurope, Central
_xEconomic integration.
_941246
651 0 _aEurope, Eastern
_xEconomic integration.
_941247
651 6 _aEurope centrale
_xIntégration économique.
_941248
700 1 _aSchadler, Susan.
_941236
710 2 _aInternational Monetary Fund.
_926656
830 0 _aOccasional paper (International Monetary Fund) ;
_vno. 234.
_941249
906 _a7
_bcbc
_cpccadap
_d2
_encip
_f20
_gy-gencatlg
942 _2lcc
_cMONOGRAPH